000 01261nam a2200385 c 4500
999 _c49997
_d49997
001 49997
003 ES-MaCES
005 20251115040003.0
008 171003s2017 us 000 | eng d
020 _a9780262533522
040 _aES-MaCES
_bspa
_cES-MaCES
100 1 _aSudararajan, Arun
_938595
245 1 4 _aThe sharing economy
_b: the end of employment and te rise of crowd-based capitalism
_cArun Sudararajan
250 _a1st ed
260 _aCambridge (Massachusetts)
_aLondon
_bThe MIT Press
_c[2017]
300 _aXIV, 240 p.
_c23 cm
500 _aÍndices
541 _cCompra
650 4 _aeconomía colaborativa
_937923
650 4 _anuevas tecnologías
_930788
650 4 _atecnología de la información
_930104
650 4 _acapitalismo
_927116
650 4 _aeconomía de mercado
_929377
650 4 _areforma económica
_929791
650 4 _aevaluación del impacto
_930732
650 4 _aempleo
_928299
650 4 _afuturo del trabajo
_930756
650 4 _amecanismo de control
_929918
650 4 _aprotección del consumidor
_929407
650 4 _alegislación económica
_927161
653 1 0 _aEconomía
710 1 _aMassachusetts Institute of Technology
_eed.
_94509
902 _aLIB Libro
942 _2CES
_cBK
_h0.0.